The Lord of the Rings Actors - Statistics

General Stats
  • This quiz has been taken 142 times
  • The average score is 15 of 31
Answer Stats
Hint Answer % Correct
Frodo Baggins Elijah Wood
98%
Legolas Orlando Bloom
93%
Aragorn Viggo Mortensen
93%
Gandalf Ian McKellen
90%
Boromir Sean Bean
86%
Galadriel Cate Blanchett
83%
Gollum Andy Serkis
82%
Samwise Gamgee Sean Astin
79%
Saruman Christopher Lee
75%
Elrond Hugo Weaving
74%
Pippin Took Billy Boyd
70%
Arwen Liv Tyler
70%
Merry Brandybuck Dominic Monaghan
64%
Bilbo Baggins Ian Holm
64%
Gimli / Treebeard John Rhys-Davies
62%
Éowyn Miranda Otto
55%
Éomer Karl Urban
54%
Théoden Bernard Hill
50%
Faramir David Wenham
33%
Denethor John Noble
25%
Gríma Wormtongue Brad Dourif
21%
Haldir Craig Parker
15%
Celeborn Marton Csokas
15%
The Witch King / Lurtz / Gothmog Lawrence Makoare
8%
Isildur Harry Sinclair
7%
Rosie Cotton Sarah McLeod
7%
Gamling Bruce Hopkins
5%
Háma John Leigh
5%
King of the Dead Paul Norell
5%
Madril John Bach
4%
Déagol Thomas Robins
4%
No matching quizzes found
Score Distribution
Percent of People with Each Score
Percentile by Number Answered
Your Score History
You have not taken this quiz